000 00352nam a2200133Ia 4500
005 20260328104306.0
008 260328s9999||||xx |||||||||||||| ||und||
100 _aAlcaldía Mayor de Bogotá
245 0 _aEdificio Bicentenario /
_cAlcaldía Mayor de Bogotá
260 _bBogotá Bicentenario
300 _a90 p.
650 _aCOLOMBIA
942 _cBK
999 _c10769
_d10769